Vznik a zánik pracovných miest v dôsledku demografie podnikov v SR v rokoch 2007 až 2013

Analýza priamych vplyvov demografických udalostí podnikov, ako sú ich vznik a zánik, na zamestnanosť v aktívnych podnikoch v Slovenskej republike v rokoch 2007 až 2013. Regionálne porovnania medzi jednotlivými krajmi SR.

Gespeichert in:
Bibliographische Detailangaben
1. Verfasser: Šoltés, Erik, 1974-
Weitere Verfasser: Šoltésová, Tatiana, 1975-
Format: Buchkapitel
Sprache:Slowakisch
Schlagworte:
Tags: Tag hinzufügen
Keine Tags, Fügen Sie das erste Tag hinzu!

MARC

LEADER 00000naa a2200000 4500
001 0211168
005 20240502073523.1
041 0 |a slo 
044 |a SK 
245 1 0 |a Vznik a zánik pracovných miest v dôsledku demografie podnikov v SR v rokoch 2007 až 2013  |c Erik Šoltés, Tatiana Šoltésová 
520 |a Analýza priamych vplyvov demografických udalostí podnikov, ako sú ich vznik a zánik, na zamestnanosť v aktívnych podnikoch v Slovenskej republike v rokoch 2007 až 2013. Regionálne porovnania medzi jednotlivými krajmi SR. 
610 2 0 |a Slovensko 
610 2 0 |a miesta pracovné 
610 2 0 |a regióny 
610 2 0 |a štatistika demografická 
610 2 0 |a podnik 
610 2 0 |a analýza štatistická 
100 1 |a Šoltés, Erik, 1974- 
700 1 |a Šoltésová, Tatiana, 1975-